International Institute of Sustainable Development (Record no. 120340)
[ view plain ]
| 000 -LEADER | |
|---|---|
| fixed length control field | 01091cam a2200217 4500 |
| 001 - CONTROL NUMBER | |
| control field | WS124007 |
| 008 - FIXED-LENGTH DATA ELEMENTS--GENERAL INFORMATION | |
| fixed length control field | 031024n 000 0 eng u |
| 035 ## - SYSTEM CONTROL NUMBER | |
| System control number | (Sirsi) u124007 |
| 110 ## - MAIN ENTRY--CORPORATE NAME | |
| Corporate name or jurisdiction name as entry element | International Institute of Sustainable Development |
| 9 (RLIN) | 4537 |
| 245 ## - TITLE STATEMENT | |
| Title | International Institute of Sustainable Development |
| 520 ## - SUMMARY, ETC. | |
| Summary, etc. | Web site for this international organisation which advances policy recommendations on international trade and investment, economic policy, climate change and natural resource management in order to promote sustainable development. Includes links to their journal 'IISD News' and their library database. Also includes pages on business and sustainable development, climate change, sustainable communities and energy conservation. |
| 650 ## - SUBJECT ADDED ENTRY--TOPICAL TERM | |
| Topical term or geographic name entry element | ORGANISATION |
| 650 ## - SUBJECT ADDED ENTRY--TOPICAL TERM | |
| Topical term or geographic name entry element | INTERNATIONAL |
| 650 ## - SUBJECT ADDED ENTRY--TOPICAL TERM | |
| Topical term or geographic name entry element | SUSTAINABLE DEVELOPMENT |
| 650 ## - SUBJECT ADDED ENTRY--TOPICAL TERM | |
| Topical term or geographic name entry element | CLIMATE CHANGE |
| 650 ## - SUBJECT ADDED ENTRY--TOPICAL TERM | |
| Topical term or geographic name entry element | NATURAL RESOURCES |
| 650 ## - SUBJECT ADDED ENTRY--TOPICAL TERM | |
| Topical term or geographic name entry element | ENERGY CONSERVATION |
| 690 ## - LOCAL SUBJECT ADDED ENTRY--TOPICAL TERM (OCLC, RLIN) | |
| Topical term or geographic name as entry element | DEVELOPMENT-SUSTAINABLE |
| 856 40 - ELECTRONIC LOCATION AND ACCESS | |
| Uniform Resource Identifier | <a href="https://www.iisd.org">https://www.iisd.org</a> |
| Public note | View the website free of charge at www.iisd.org... |
| 942 ## - ADDED ENTRY ELEMENTS (KOHA) | |
| Suppress in OPAC | 0 |
| Withdrawn status | Lost status | Source of classification or shelving scheme | Damaged status | Not for loan | Home library | Current library | Shelving location | Date acquired | Total Checkouts | Full call number | Barcode | Date last seen | Copy number | Price effective from | Koha item type |
|---|---|---|---|---|---|---|---|---|---|---|---|---|---|---|---|
| Dewey Decimal Classification | Virtual | Virtual | Online | 24/10/2003 | WEB SITE | 124007-1001 | 06/08/2019 | 1 | 06/08/2019 | Online material |